| 000 | 00528nam a2200181 a 4500 | ||
|---|---|---|---|
| 005 | 20140311163005.0 | ||
| 008 | 040707s19uu xx 00 eng d | ||
| 020 | _a1-58255-285-1 | ||
| 050 |
_aRG 951 _b.St77 2004 |
||
| 245 | _aStraight A's in maternal-neonatal nursing./ | ||
| 260 |
_aPhilidelphia : _bLippincott Williams & Wilkins, _c2004. |
||
| 300 |
_a407 p. : _c25 cm. |
||
| 440 | _aa review series | ||
| 521 | _aNUR | ||
| 650 |
_aMaternity nursing _xoutlines, syllabi, etc. |
||
| 942 |
_cBK _2lcc _kFOR |
||
| 999 |
_c39301 _d39301 |
||